Montecristi : (Registro nro. 8058)

Detalles MARC
000 -LIDER
fixed length control field 01295nam a2200337 a 4500
001 - NÚMERO DE CONTROL
Identificador de número de control 000014917
003 - IDENTIFICACDOR DE NÚMERO DE CONTROL
control field DO-SdBNP
005 - DATE AND TIME OF LATEST TRANSACTION
control field 20171023093057.0
008 - ELEMENTOS DE LONGITUD FIJA
fixed length control field 100127s2006 dr ac 000 0 spa d
020 ## - ISBN
International Standard Book Number 9993499773
040 ## - FUENTE DE CATALOGACIÓN
Agencia que crea de manera original el registro BPMSU
Idioma de catalogación spa
Agencia que realiza la transcripción BPMSU
082 #4 - NÚMERO DE CLASIFICACIÓN DECIMAL DE DEWEY
Classification number 972.9352
Item number H565m
100 1# - ASIENTO PRINCIPAL -- NOMBRE PERSONAL
Nombre personal Herrera R., Rafael Darío,
Fechas asociadas con el nombre 1955-
245 10 - MENCIÓN DE TITULO
Título Montecristi :
Subtítulo entre campeches y bananos /
Mención de responsabilidad Rafael Darío Herrera R. ; prólogo Rafael Emilio Yunén ; edición José Chez Checo.
260 ## - PUBLICACIÓN, DISTRIBUCIÓN, ETC. (PIE DE IMPRENTA)
Lugar de publicación, distribución, etc Santo Domingo :
Nombre del editor, distribuidor, etc. Academia Dominicana de la Historia
Fecha de publicación, distribución, etc 2006.
300 ## - DESCRIPCIÓN FÍSICA
Extensión 174 p. :
Otros detalles físicos il., retrs. ;
Dimensiones 23 cm.
490 1# - MENCIÓN DE SERIES
Mención de serie Academia Dominicana de la Historia
Volume/sequential designation 72
504 ## - NOTA DE BIBLIOGRAFÍA, ETC.
Bibliography, etc Incluye referencias bibliográficas y notas al pie de las páginas.
504 ## - NOTA DE BIBLIOGRAFÍA, ETC.
Bibliography, etc Bibliografía: p. 165-172.
650 #4 - ENCABEZAMIENTO DE MATERIA--TEMÁTICO
Término temático o nombre geográfico como elemento de entrada DESARROLLO AGRÍCOLA
651 #4 - ENCABEZAMIENTO DE MATERIA--NOMBRE GEOGRÁFICO
Nombre geográfico MONTECRISTI (REPÚBLICA DOMINICANA)
Subdivisión temática general HISTORIA LOCAL
651 #4 - ENCABEZAMIENTO DE MATERIA--NOMBRE GEOGRÁFICO
Nombre geográfico CIUDADES Y PUEBLOS
Subdivisión geográfica REPÚBLICA DOMINICANA
651 #4 - ENCABEZAMIENTO DE MATERIA--NOMBRE GEOGRÁFICO
Nombre geográfico MONTECRISTI (REPÚBLICA DOMINICANA)
700 1# - ASIENTO SECUNDARIO -- NOMBRE PERSONAL
Nombre personal Chez Checo, José,
Mención de responsabilidad ed.
700 1# - ASIENTO SECUNDARIO -- NOMBRE PERSONAL
Nombre personal Yunén, Rafael Emilio,
Mención de responsabilidad pról.
830 #0 - ASIENTO SECUNDARIO DE SERIE--TÍTULO UNIFORME
Título uniforme Academia Dominicana de la Historia
Volume number/sequential designation 72
910 ## - VALIDACIÓN
Validación Validado. Control de calidad BNPHU.
942 ## - ADDED ENTRY ELEMENTS (KOHA)
Source of classification or shelving scheme Dewey Decimal Classification
Koha item type Libros
945 ## - INFORMACIÓN DE PROCESAMIENTO LOCAL
Información de procesamiento local Inventariado / 2017 VM
956 ## - LOCAL ELECTRONIC LOCATION AND ACCESS (OCLC)
Nombre de host VMATEO
Número de acceso 10
Información de compresión 20150803
Inicio de sesión BPMSU
Procesador de solicitud 00151
Existencias
Withdrawn status Lost status Source of classification or shelving scheme Damaged status Not for loan Collection code Home library Current library Date acquired Total Checkouts Full call number Barcode Date last seen Price effective from Koha item type
    Dewey Decimal Classification     Colección Dominicana Biblioteca Pública Metropolitana Salomé Ureña Biblioteca Pública Metropolitana Salomé Ureña 08/03/2015   972.9352 H565m BPMSU15080031 08/03/2015 08/03/2015 Libros